[Event "II liga SSCS 2015- zapad"]
[Site "Ravni Gaj"]
[Date "2015.09.04"]
[Round "1.1"]
[White "Misailovic, Nebojsa"]
[Black "Savicevic, Vlatko"]
[Result "1-0"]
[WhiteElo "2326"]
[BlackElo "2320"]
[PlyCount "59"]
[EventDate "2015.09.04"]

1. e4 g6 2. d4 Bg7 3. Nc3 d6 4. f4 a6 5. a4 Nd7 6. Nf3 e6 7. Be2 Ne7 8. O-O b6
9. d5 exd5 10. Nxd5 Nc5 11. Ra3 Nxd5 12. exd5 O-O 13. b4 Ne4 14. Nd4 f5 15. Bf3
Qf6 16. Bb2 Bd7 17. Ba1 Qf7 18. c4 a5 19. bxa5 Rxa5 20. Bxe4 fxe4 21. f5 Be5
22. Ne6 Bxe6 23. Bxe5 dxe5 24. dxe6 Qe7 25. Rg3 Kg7 26. h4 c6 27. h5 g5 28. h6+
Kf6 29. Qg4 Rg8 30. Rd1 1-0

[Event "II liga SSCS 2015- zapad"]
[Site "Ravni Gaj"]
[Date "2015.09.04"]
[Round "1.1"]
[White "Simic, Dragisa"]
[Black "Muratovic, Efim"]
[Result "1/2-1/2"]
[WhiteElo "2309"]
[BlackElo "2369"]
[PlyCount "144"]
[EventDate "2015.09.04"]

1. e4 c5 2. Nf3 d6 3. Bb5+ Nd7 4. O-O a6 5. Bd3 Ne5 6. Nxe5 dxe5 7. b3 Nf6 8.
Bb2 Qc7 9. a4 Be6 10. Na3 g6 11. Nc4 Bxc4 12. Bxc4 Bh6 13. Qe2 O-O 14. a5 Rad8
15. Bc3 Bg5 16. Rfb1 Nh5 17. g3 e6 18. b4 cxb4 19. Bxb4 Be7 20. d3 Bxb4 21.
Rxb4 Rd7 22. Qe3 Rc8 23. Rb6 Qd8 24. Rab1 Rcc7 25. Kg2 Kg7 26. R1b4 Qe7 27. Qc1
Nf6 28. Qb2 Qc5 29. h3 Nxe4 30. c3 Nf6 31. f3 e4 32. fxe4 Nxe4 33. Bxe6 fxe6
34. Rxe4 Qxc3 35. Rxb7 Qxb2+ 36. Rxb2 Rxd3 37. h4 Ra3 38. Rxe6 Rxa5 39. Reb6
Rf7 40. Rf2 Ra7 41. Rfb2 Rf5 42. g4 Rff7 43. Ra2 Rf6 44. Rb4 a5 45. Rba4 Rfa6
46. Rb2 Kf7 47. Rb5 Ke6 48. h5 gxh5 49. Rxh5 Kd6 50. Kg3 Kc6 51. Kh4 Kb6 52.
Rf5 Rc7 53. g5 Rc5 54. Rff4 Kb5 55. Ra1 Rc4 56. Kg3 Rxf4 57. Kxf4 a4 58. Ke3 a3
59. Kd3 a2 60. Kc3 Kc5 61. Kb3 Kd4 62. Rxa2 Rb6+ 63. Kc2 Rb7 64. Ra6 Rg7 65.
Rh6 Ke4 66. Kd2 Kf4 67. Ke2 Kxg5 68. Rh2 Rf7 69. Rf2 Ra7 70. Kf3 h5 71. Kg2 Kg4
72. Rb2 Ra4 1/2-1/2

[Event "II liga SSCS 2015- zapad"]
[Site "Ravni Gaj"]
[Date "2015.09.04"]
[Round "1.1"]
[White "Civric, Zdravko"]
[Black "Djosic, Slavoljub"]
[Result "0-1"]
[WhiteElo "2225"]
[BlackElo "2281"]
[PlyCount "84"]
[EventDate "2015.09.04"]

1. e4 d6 2. d4 Nf6 3. Nc3 Nbd7 4. Nf3 e5 5. Bc4 Be7 6. O-O O-O 7. h3 c6 8. a4
b6 9. b3 Bb7 10. dxe5 Nxe5 11. Nxe5 dxe5 12. Qf3 Qc7 13. Bg5 Rad8 14. Ne2 Nxe4
15. Qxe4 Bxg5 16. Qg4 Bh6 17. Ng3 g6 18. Nf5 Bf4 19. Ng3 Kh8 20. Ne2 Bh6 21.
Rad1 Qe7 22. Nc3 f5 23. Qe2 Bg7 24. Rxd8 Rxd8 25. Rd1 e4 26. Rxd8+ Qxd8 27. Nd1
f4 28. Kh2 c5 29. Qg4 Qd6 30. Qe6 Qxe6 31. Bxe6 Be5 32. Kg1 Kg7 33. Bc4 Kf6 34.
Kf1 g5 35. Ke1 h5 36. Kf1 g4 37. hxg4 hxg4 38. Kg1 Kf5 39. Kf1 Bc6 40. Ba6 Bd5
41. Bb5 Bd4 42. Bd7+ Kg5 0-1

[Event "II liga SSCS 2015- zapad"]
[Site "Ravni Gaj"]
[Date "2015.09.04"]
[Round "1.1"]
[White "Rajevic, Gavrilo"]
[Black "Pecinar, Zoran"]
[Result "1-0"]
[WhiteElo "2264"]
[BlackElo "2156"]
[PlyCount "79"]
[EventDate "2015.09.04"]

1. e4 c5 2. Nf3 d6 3. d4 cxd4 4. Nxd4 Nf6 5. Nc3 g6 6. Be3 Bg7 7. f3 Nc6 8. Qd2
O-O 9. g4 Nxd4 10. Bxd4 Be6 11. Nd5 Bxd5 12. exd5 Qc7 13. h4 Rab8 14. h5 Rfc8
15. Rh2 b5 16. hxg6 hxg6 17. O-O-O b4 18. g5 Nh5 19. Bxg7 Kxg7 20. Qd4+ f6 21.
Bd3 Rh8 22. Rg2 Rbg8 23. gxf6+ Nxf6 24. Rxg6+ Kf7 25. Rxg8 Rxg8 26. Qxb4 Rg5
27. Qf4 Rg2 28. Bf5 Qc5 29. Qd4 Qa5 30. a3 Qc7 31. Rg1 Rxg1+ 32. Qxg1 Qc4 33.
Be6+ Kf8 34. Qd1 a5 35. Kb1 Ke8 36. Qh1 Kd8 37. b3 Qf4 38. Qh8+ Ne8 39. Qc3 Nc7
40. Qc6 1-0

[Event "II liga SSCS 2015- zapad"]
[Site "Ravni Gaj"]
[Date "2015.09.04"]
[Round "1.1"]
[White "Knezevic, Veljko"]
[Black "Adzic, Momcilo"]
[Result "0-1"]
[WhiteElo "2019"]
[BlackElo "2232"]
[PlyCount "98"]
[EventDate "2015.09.04"]

1. d4 d5 2. c4 e6 3. Nc3 Nf6 4. Bg5 Be7 5. e3 O-O 6. Nf3 Nbd7 7. Bd3 dxc4 8.
Bxc4 a6 9. a4 b6 10. O-O Bb7 11. Qe2 Re8 12. Rfd1 h6 13. Bh4 c6 14. e4 b5 15.
Bd3 b4 16. Na2 Qa5 17. Nc1 c5 18. Nb3 Qb6 19. a5 Qa7 20. Rac1 Rac8 21. Rc4 cxd4
22. Rxc8 Rxc8 23. Nfxd4 Nf8 24. Bg3 N6d7 25. Bb1 Nc5 26. Nxc5 Qxc5 27. Nb3 Qc6
28. f3 Qa4 29. Bc2 Qc6 30. Bb1 Rd8 31. Rxd8 Bxd8 32. e5 Bxa5 33. Be4 Bb6+ 34.
Kh1 Qc8 35. Bxb7 Qxb7 36. h4 Qd5 37. Qc2 Be3 38. Kh2 a5 39. Nc1 Bxc1 40. Qxc1
a4 41. Qc8 a3 42. bxa3 bxa3 43. Qa6 a2 44. Qa4 h5 45. f4 Qd2 46. Qa3 Ng6 47. f5
exf5 48. e6 fxe6 49. Qa6 Kh7 0-1

[Event "II liga SSCS 2015- zapad"]
[Site "Ravni Gaj"]
[Date "2015.09.04"]
[Round "1.1"]
[White "Jakovljevic, Marko"]
[Black "Zivanic, Slobodan"]
[Result "1-0"]
[WhiteElo "1991"]
[BlackElo "2201"]
[PlyCount "91"]
[EventDate "2015.09.04"]

1. d4 Nf6 2. c4 g6 3. Nf3 Bg7 4. Nc3 d6 5. e4 O-O 6. Be2 e5 7. O-O Nbd7 8. Be3
c6 9. Rc1 Re8 10. d5 c5 11. Ne1 a6 12. Qd2 Qc7 13. a3 Nf8 14. h3 Nxe4 15. Nxe4
f5 16. Nxd6 Qxd6 17. b4 b6 18. bxc5 bxc5 19. Nd3 Nd7 20. Qa5 Bf8 21. Rb1 f4 22.
Bd2 g5 23. Bh5 Re7 24. Bg4 e4 25. Bxd7 Rxd7 26. Nb2 Rg7 27. Bc3 Rf7 28. Na4 f3
29. Rb6 Qc7 30. g4 e3 31. Rb2 exf2+ 32. Kxf2 Qh2+ 33. Ke1 Re7+ 34. Kd1 Qxh3 35.
Rbf2 Re4 36. Qd8 Qxg4 37. Qf6 Rd4+ 38. Bxd4 Qxd4+ 39. Qxd4 cxd4 40. Nb6 Rb8 41.
Nxc8 Rxc8 42. Rxf3 Bd6 43. Rf6 Bf4 44. Rc6 Rb8 45. Kc2 a5 46. d6 1-0

[Event "II liga SSCS 2015- zapad"]
[Site "Ravni Gaj"]
[Date "2015.09.04"]
[Round "1.1"]
[White "Vuksanovic, Zvezdan"]
[Black "Jovicic, Radovan"]
[Result "1-0"]
[WhiteElo "2199"]
[BlackElo "1753"]
[PlyCount "85"]
[EventDate "2015.09.04"]

1. e4 c5 2. Nc3 Nc6 3. g3 g6 4. Bg2 Bg7 5. Nf3 Nf6 6. d3 d5 7. exd5 Nxd5 8. Bd2
O-O 9. O-O Bg4 10. h3 Bf5 11. Nxd5 Qxd5 12. Nh4 Qd7 13. Nxf5 Qxf5 14. Bc3 Bxc3
15. bxc3 Rac8 16. h4 b6 17. Re1 Qf6 18. Qd2 e6 19. Re4 Rfd8 20. Rae1 Ne7 21. h5
Nd5 22. c4 Qc3 23. Qg5 Nf6 24. hxg6 hxg6 25. R4e2 Kg7 26. Bf3 Rh8 27. Qe5 Qxe5
28. Rxe5 Rh6 29. a4 Rch8 30. Rb1 Rh2 31. Ree1 Nd7 32. a5 Kf6 33. axb6 axb6 34.
Ra1 g5 35. Kf1 Ne5 36. Ke2 Ng6 37. Ra6 Ne7 38. Be4 Ke5 39. Rxb6 f5 40. Bb7 f4
41. gxf4+ Kxf4 42. Rxe6 Nf5 43. Re4# 1-0

[Event "II liga SSCS 2015- zapad"]
[Site "Ravni Gaj"]
[Date "2015.09.04"]
[Round "1.2"]
[White "Bojovic, Dusan"]
[Black "Smolovic, Mile"]
[Result "1/2-1/2"]
[WhiteElo "2275"]
[BlackElo "2309"]
[PlyCount "59"]
[EventDate "2015.09.04"]

1. e4 c5 2. Nf3 d6 3. d4 cxd4 4. Nxd4 Nf6 5. Nc3 a6 6. Be3 Nc6 7. Nb3 e6 8. f3
b5 9. g4 Be7 10. g5 Nd7 11. h4 O-O 12. f4 Nb6 13. Qf3 b4 14. Nd1 Bb7 15. Bd3
Na4 16. h5 Rb8 17. Bc4 d5 18. Bd3 Na5 19. f5 Nc4 20. f6 gxf6 21. g6 fxg6 22.
hxg6 hxg6 23. Qg4 Ne5 24. Qxe6+ Rf7 25. Qh3 Rg7 26. Nd4 Nc5 27. Ne6 Nxe6 28.
Qxe6+ Rf7 29. Qh3 Rg7 30. Qe6+ 1/2-1/2

[Event "II liga SSCS 2015- zapad"]
[Site "Ravni Gaj"]
[Date "2015.09.04"]
[Round "1.2"]
[White "Irizanin, Radoje"]
[Black "Toth, Aleksandar"]
[Result "1/2-1/2"]
[WhiteElo "2281"]
[BlackElo "2326"]
[PlyCount "33"]
[EventDate "2015.09.04"]

1. d4 d5 2. Nf3 Nf6 3. e3 e6 4. Bd3 Nbd7 5. O-O c5 6. b3 Be7 7. Bb2 O-O 8. Nbd2
Qc7 9. Ne5 cxd4 10. exd4 Nxe5 11. dxe5 Nd7 12. c4 Nc5 13. Bc2 Rd8 14. cxd5 Rxd5
15. Qe2 b6 16. Nc4 Ba6 17. Rfd1 1/2-1/2

[Event "II liga SSCS 2015- zapad"]
[Site "Ravni Gaj"]
[Date "2015.09.04"]
[Round "1.2"]
[White "Jovanovic, Miroslav O"]
[Black "Mirkovic, Stevan"]
[Result "0-1"]
[WhiteElo "2091"]
[BlackElo "2328"]
[PlyCount "108"]
[EventDate "2015.09.04"]

1. d4 d5 2. c4 dxc4 3. Nc3 Nf6 4. e3 e6 5. Bxc4 a6 6. Nf3 b5 7. Bd3 Bb7 8. O-O
c5 9. b3 Nbd7 10. Bb2 Be7 11. Rc1 O-O 12. dxc5 Nxc5 13. Bb1 Qa5 14. Qe2 b4 15.
Nd1 Nce4 16. Ne5 Rfd8 17. Bd4 Rac8 18. Rxc8 Rxc8 19. f3 Nd6 20. Kh1 Nb5 21. Nc4
Nxd4 22. Nxa5 Nxe2 23. Nxb7 Rc1 24. Bd3 Nc3 25. Nb2 Nxa2 26. Bxa6 Rc2 27. Na4
Nd5 28. e4 Ne3 29. Rg1 Nc1 30. Na5 Bf6 31. Nc4 Bd4 32. Nxe3 Bxe3 33. Rd1 g5 34.
Bc4 Kg7 35. Re1 Bd4 36. Rd1 e5 37. Re1 h5 38. h3 Kg6 39. Kh2 Kf6 40. Rd1 Ke7
41. Re1 f6 42. Kh1 Kd6 43. Kh2 Kc6 44. Kh1 Na2 45. Rd1 Nc3 46. Bd3 Ra2 47. Rc1
Kd6 48. Nxc3 bxc3 49. b4 Rb2 50. b5 Rd2 51. Bc4 Kc5 52. Bf7 Kxb5 53. Bxh5 c2
54. Kh2 Bb2 0-1

[Event "II liga SSCS 2015- zapad"]
[Site "Ravni Gaj"]
[Date "2015.09.04"]
[Round "1.2"]
[White "Matovic, Petar"]
[Black "Jovanovic, Obrad"]
[Result "1-0"]
[WhiteElo "2165"]
[BlackElo "2080"]
[PlyCount "83"]
[EventDate "2015.09.04"]

1. d4 c5 2. c3 e6 3. Nf3 Nf6 4. Bf4 Be7 5. e3 O-O 6. Nbd2 b6 7. Bd3 Bb7 8. Qe2
d6 9. O-O Nbd7 10. e4 Re8 11. Rad1 Nf8 12. Bb5 N8d7 13. e5 Nh5 14. Be3 cxd4 15.
cxd4 f5 16. exd6 Bxd6 17. Ne5 Nhf6 18. Bg5 Bc8 19. Qf3 Rb8 20. Bxf6 Nxf6 21.
Bxe8 Qxe8 22. Qc6 Qe7 23. Ndc4 Bc7 24. Qa4 b5 25. Qa3 Qe8 26. Ne3 Bb6 27. Rfe1
Bb7 28. f3 Rd8 29. Qc3 f4 30. Nc2 Nd5 31. Qd3 a6 32. a3 Qf8 33. Kh1 Qf6 34. Ng4
Qf7 35. Re5 Ne7 36. Rde1 Bd5 37. b3 h5 38. Nf2 Nf5 39. Nh3 Qg6 40. Nxf4 Qh7 41.
Qc3 g5 42. Nxe6 1-0

[Event "II liga SSCS 2015- zapad"]
[Site "Ravni Gaj"]
[Date "2015.09.04"]
[Round "1.2"]
[White "Radenkovic, Aleksa"]
[Black "Markovic, Aleksandar"]
[Result "0-1"]
[WhiteElo "1947"]
[BlackElo "2200"]
[PlyCount "110"]
[EventDate "2015.09.04"]

1. Nc3 c5 2. Nf3 Nc6 3. d4 cxd4 4. Nxd4 g6 5. e4 Bg7 6. Be3 d6 7. Qd2 Nf6 8. f3
O-O 9. O-O-O d5 10. Nxc6 bxc6 11. Bh6 Bxh6 12. Qxh6 Qa5 13. Qg5 Rb8 14. e5 Nd7
15. Qxe7 Nc5 16. Rd4 Qb6 17. Rh4 Qxb2+ 18. Kd2 Rb4 19. Be2 Bf5 20. Rc1 Rxh4 21.
Qxh4 Qa3 22. Rb1 Re8 23. g4 Bd7 24. Qf6 Be6 25. Qf4 Bd7 26. Qe3 Qa5 27. Kd1 Ne6
28. Qd2 Qc5 29. Bf1 Qg1 30. Qg2 Qd4+ 31. Qd2 Qxe5 32. Rb7 Nc5 33. Rxa7 Qb8 34.
Ra5 Qb6 35. Ne2 Nb7 36. Ra4 Nd6 37. Nc3 Qg1 38. Qg2 Qxg2 39. Bxg2 Nc4 40. Ra7
Bxg4 41. fxg4 Ne3+ 42. Kd2 Nxg2 43. a4 f5 44. gxf5 gxf5 45. Nd1 f4 46. Nf2 f3
47. Nd3 Re2+ 48. Kc3 Ne1 49. Nxe1 Rxe1 50. Ra8+ Kg7 51. Ra7+ Kg6 52. Ra6 f2 53.
Rxc6+ Kg5 54. h4+ Kf5 55. Rc8 Re6 0-1

[Event "II liga SSCS 2015- zapad"]
[Site "Ravni Gaj"]
[Date "2015.09.04"]
[Round "1.2"]
[White "Roljevic, Djordje"]
[Black "Djukic, Sinisa"]
[Result "1/2-1/2"]
[WhiteElo "2090"]
[BlackElo "1999"]
[PlyCount "120"]
[EventDate "2015.09.04"]

1. d4 d5 2. Bf4 Bf5 3. e3 e6 4. Nf3 Nf6 5. Be2 Nbd7 6. O-O h6 7. Ne5 Nxe5 8.
Bxe5 Bd6 9. Bxd6 Qxd6 10. c4 dxc4 11. Na3 O-O 12. Nxc4 Qe7 13. Bf3 Be4 14. Bxe4
Nxe4 15. Qc2 Nf6 16. Ne5 Rfc8 17. Rfc1 c6 18. a3 Nd7 19. Qe4 Nxe5 20. Qxe5 Rd8
21. Rc5 Rd7 22. Rac1 Rad8 23. g3 a6 24. h4 Rd5 25. Qf4 Rxc5 26. Rxc5 Rd5 27. b4
f6 28. Qe4 Kf7 29. Qh7 Qd8 30. Rc4 Rf5 31. Rc5 Rd5 32. Rc1 a5 33. Rc5 axb4 34.
axb4 e5 35. dxe5 Rxc5 36. bxc5 Qd1+ 37. Kh2 Qf3 38. e6+ Kxe6 39. Qxg7 Qxf2+ 40.
Kh3 Qf5+ 41. Kh2 Qf2+ 42. Kh3 Qf1+ 43. Kh2 Qf2+ 44. Kh3 Qxe3 45. Qxb7 Qxc5 46.
Qc8+ Ke5 47. Qe8+ Kd6 48. Qf8+ Kd5 49. Qxf6 Qd6 50. Qf3+ Ke6 51. Qg4+ Ke7 52.
Qg7+ Ke8 53. g4 c5 54. h5 Qd3+ 55. Kh4 Qe3 56. Qg8+ Kd7 57. Qd5+ Ke7 58. Qb7+
Kf8 59. Qc8+ Kf7 60. Qf5+ Ke7 1/2-1/2

[Event "II liga SSCS 2015- zapad"]
[Site "Ravni Gaj"]
[Date "2015.09.04"]
[Round "1.2"]
[White "Bojovic, Zoran"]
[Black "Andjelic, Stevan"]
[Result "1/2-1/2"]
[WhiteElo "2087"]
[BlackElo "2112"]
[PlyCount "83"]
[EventDate "2015.09.04"]

1. e4 Nf6 2. Nc3 d5 3. exd5 Nxd5 4. Bc4 c6 5. Qf3 e6 6. Nge2 Nd7 7. Qg3 N7b6 8.
Bb3 Qd6 9. Ne4 Qxg3 10. N2xg3 Be7 11. d4 Nd7 12. c4 N5f6 13. Bf4 Nxe4 14. Nxe4
O-O 15. O-O Nf6 16. Nc3 b6 17. d5 Bd7 18. d6 Bd8 19. Bd1 h6 20. b4 Re8 21. Re1
b5 22. c5 a5 23. Bf3 Nd5 24. Nxd5 cxd5 25. a3 Bf6 26. Rab1 axb4 27. axb4 Ra2
28. Be5 Bxe5 29. Rxe5 Rea8 30. Re2 Kf8 31. h3 Bc6 32. Rbb2 Ra1+ 33. Kh2 Ke8 34.
Bh5 Kf8 35. Bf3 R8a4 36. Rec2 Ke8 37. Rd2 Kd7 38. Bd1 R4a3 39. Bf3 Rc1 40. Ra2
Ra1 41. Rab2 Ra6 42. Kg3 1/2-1/2

[Event "II liga SSCS 2015- zapad"]
[Site "Ravni Gaj"]
[Date "2015.09.04"]
[Round "1.2"]
[White "Kozaicevski, Fedja"]
[Black "Djukic, Sasa"]
[Result "1-0"]
[WhiteElo "1965"]
[BlackElo "1978"]
[PlyCount "51"]
[EventDate "2015.09.04"]

1. e4 Nf6 2. Nc3 e5 3. Bc4 Nc6 4. d3 h6 5. f4 Bb4 6. Nge2 d5 7. exd5 Nxd5 8.
O-O Bxc3 9. Nxc3 Nxc3 10. bxc3 O-O 11. Ba3 Re8 12. fxe5 Nxe5 13. Qh5 Nxc4 14.
Qxf7+ Kh8 15. Bf8 Qd7 16. Qxc4 b5 17. Qf7 Qxf7 18. Rxf7 Be6 19. Bxg7+ Kh7 20.
Rxc7 Rec8 21. Rxc8 Rxc8 22. Bd4 a6 23. a4 Kg6 24. axb5 axb5 25. Ra6 Kf5 26. g4+
1-0

[Event "II liga SSCS 2015- zapad"]
[Site "Ravni Gaj"]
[Date "2015.09.04"]
[Round "1.3"]
[White "Zivanovic, Blagoje"]
[Black "Novakovic, Miroslav"]
[Result "1-0"]
[WhiteElo "1948"]
[BlackElo "2052"]
[PlyCount "53"]
[EventDate "2015.09.04"]

1. e4 d6 2. g3 Nf6 3. Bg2 g6 4. Ne2 Bg7 5. c4 c5 6. Nbc3 Nc6 7. Rb1 O-O 8. O-O
Be6 9. d3 Qc8 10. Nf4 Bd7 11. a3 e5 12. Nfd5 Nxd5 13. Nxd5 Bh3 14. b4 Bxg2 15.
Kxg2 cxb4 16. axb4 Qd7 17. c5 dxc5 18. bxc5 h6 19. Bxh6 Ne7 20. Nxe7+ Qxe7 21.
Be3 Rfd8 22. Qb3 Qd7 23. Qxb7 Qxd3 24. Rfd1 Qc4 25. Rdc1 Qe6 26. c6 a5 27. c7
1-0